All dinosaurs currently discovered - real life - Statistics

General Stats
  • This quiz has been taken 38 times
  • The average score is 43 of 326
Answer Stats
Answer % Correct
Tyrannosaurus
100%
Triceratops
88%
Velociraptor
81%
Brachiosaurus
69%
Stegosaurus
69%
Allosaurus
63%
Spinosaurus
63%
Utahraptor
63%
Argentinosaurus
56%
Baryonyx
56%
Carnotaurus
56%
Albertosaurus
50%
Ankylosaurus
50%
Apatosaurus
50%
Diplodocus
50%
Giganotosaurus
50%
Hadrosaurus
50%
Iguanodon
50%
Majungasaurus
50%
Parasaurolophus
50%
Tarbosaurus
50%
Acrocanthosaurus
44%
Corythosaurus
44%
Deinocheirus
44%
Deinonychus
44%
Dilophosaurus
44%
Irritator
44%
Kentrosaurus
44%
Pachycephalosaurus
44%
Styracosaurus
44%
Ceratosaurus
38%
Compsognathus
38%
Gallimimus
38%
Oviraptor
38%
Suchomimus
38%
Yutyrannus
38%
Archaeopteryx
31%
Coelophysis
31%
Concavenator
31%
Dracorex
31%
Edmontosaurus
31%
Eoraptor
31%
Giraffatitan
31%
Guanlong
31%
Herrerasaurus
31%
Mapusaurus
31%
Megalosaurus
31%
Microraptor
31%
Monolophosaurus
31%
Pachyrhinosaurus
31%
Protoceratops
31%
Saurolophus
31%
Therizinosaurus
31%
Torosaurus
31%
Tyrannotitan
31%
Alioramus
25%
Amargasaurus
25%
Camarasaurus
25%
Cryolophosaurus
25%
Daspletosaurus
25%
Dryosaurus
25%
Einiosaurus
25%
Gigantoraptor
25%
Maiasaura
25%
Mamenchisaurus
25%
Nigersaurus
25%
Ornithomimus
25%
Ouranosaurus
25%
Pentaceratops
25%
Plateosaurus
25%
Psittacosaurus
25%
Stygimoloch
25%
Troodon
25%
Achillobator
19%
Archaeornithomimus
19%
Atrociraptor
19%
Barosaurus
19%
Camptosaurus
19%
Centrosaurus
19%
Chasmosaurus
19%
Citipati
19%
Dreadnoughtus
19%
Dromaeosaurus
19%
Dryptosaurus
19%
Euoplocephalus
19%
Eustreptospondylus
19%
Gorgosaurus
19%
Huayangosaurus
19%
Hypsilophodon
19%
Lambeosaurus
19%
Masiakasaurus
19%
Microceratus
19%
Micropachycephalosaurus
19%
Minmi
19%
Muttaburrasaurus
19%
Neovenator
19%
Ornitholestes
19%
Proceratosaurus
19%
Rugops
19%
Saurophaganax
19%
Shantungosaurus
19%
Shunosaurus
19%
Sinosauropteryx
19%
Struthiomimus
19%
Torvosaurus
19%
Zuniceratops
19%
Abelisaurus
13%
Alamosaurus
13%
Alvarezsaurus
13%
Bambiraptor
13%
Beipiaosaurus
13%
Carcharadontosaurus
13%
Coelurus
13%
Europasaurus
13%
Fukuiraptor
13%
Fukuisaurus
13%
Gastonia
13%
Heterodontosaurus
13%
Leaellynasaura
13%
Lusotitan
13%
Metriacanthosaurus
13%
Nodosaurus
13%
Nothronychus
13%
Patagotitan
13%
Pelecanimimus
13%
Polacanthus
13%
Prenocephale
13%
Pyroraptor
13%
Rajasaurus
13%
Saichania
13%
Saltasaurus
13%
Sauropelta
13%
Segisaurus
13%
Shuvuuia
13%
Sinornithosaurus
13%
Sinraptor
13%
Stegoceras
13%
Supersaurus
13%
Tarchia
13%
Tenontosaurus
13%
Thescelosaurus
13%
Tsintaosaurus
13%
Zalmoxes
13%
Aardonyx
6%
Albertaceratops
6%
Anchiceratops
6%
Anchiornis
6%
Anchisaurus
6%
Aquilops
6%
Avaceratops
6%
Becklespinax
6%
Caudipteryx
6%
Cetiosaurus
6%
Chungkingosaurus
6%
Dacentrurus
6%
Deltadromeus
6%
Dicraeosaurus
6%
Edmontonia
6%
Eolambia
6%
Eotyrannus
6%
Gargoyleosaurus
6%
Gasosaurus
6%
Gryposaurus
6%
Hesperosaurus
6%
Homalocephale
6%
Hylaeosaurus
6%
Isisaurus
6%
Jobaria
6%
Juravenator
6%
Leptoceratops
6%
Lesothosaurus
6%
Liliensternus
6%
Magyarosaurus
6%
Massospondylus
6%
Mononykus
6%
Mussaurus
6%
Nedoceratops
6%
Noasaurus
6%
Paralititan
6%
Pinacosaurus
6%
Poekilopleuron
6%
Procompsognathus
6%
Prosaurolophus
6%
Puertasaurus
6%
Rebbachisaurus
6%
Saurornithoides
6%
Scelidosaurus
6%
Segnosaurus
6%
Stenonychosaurus
6%
Udanoceratops
6%
Vulcanodon
6%
Yangchuanosaurus
6%
Zephyrosaurus
6%
Achelousaurus
0%
Aegyptosaurus
0%
Afrovemator
0%
Agilisaurus
0%
Alectrosaurus
0%
Ammosaurus
0%
Ampelosaurus
0%
Amygdalodon
0%
Anserimimus
0%
Antarctosaurus
0%
Aragosaurus
0%
Aralosaurus
0%
Archaeoceratops
0%
Arrhinoceratops
0%
Atlascopcosaurus
0%
Aucasaurus
0%
Austrosaurus
0%
Avimimus
0%
Bactrosaurus
0%
Bagaceratops
0%
Barapasaurus
0%
Bellusaurus
0%
Borogovia
0%
Brachylophosaurus
0%
Brachytrachelopan
0%
Buitreraptor
0%
Cedarpelta
0%
Cetiosauriscus
0%
Chaoyangsaurus
0%
Chindesaurus
0%
Chinshakiangosaurus
0%
Chirostenotes
0%
Chubutisaurus
0%
Coloradisaurus
0%
Conchoraptor
0%
Confuciusornis
0%
Datousaurus
0%
Dromiceiomimus
0%
Dubreuillosaurus
0%
Elaphrosaurus
0%
Emausaurus
0%
Enigmacursor
0%
Equijubus
0%
Erketu
0%
Erlikosaurus
0%
Euhelopus
0%
Garudimimus
0%
Gasparinisaura
0%
Gilmoreosaurus
0%
Gobisaurus
0%
Goyocephale
0%
Graciliceratops
0%
Guaibasaurus
0%
Hagryphus
0%
Haplocanthosaurus
0%
Harpymimus
0%
Heyuannia
0%
Hypacrosaurus
0%
Indosuchus
0%
Janenschia
0%
Jaxartosaurus
0%
Jingshanosaurus
0%
Jinzhousaurus
0%
Khaan
0%
Kotasaurus
0%
Kritosaurus
0%
Lapparentosaurus
0%
Liaoceratops
0%
Ligabuesaurus
0%
Lophorhothon
0%
Lophostropheus
0%
Lufengosaurus
0%
Lurdusaurus
0%
Lycorhinus
0%
Malawisaurus
0%
Marshosaurus
0%
Maxakalisaurus
0%
Melanorosaurus
0%
Nanshiungosaurus
0%
Nemegtosaurus
0%
Neuquensaurus
0%
Nipponosaurus
0%
Nomingia
0%
Nqwebasaurus
0%
Omeisaurus
0%
Opisthocoelicaudia
0%
Orodromeus
0%
Oryctodromeus
0%
Othnielia
0%
Panoplosaurus
0%
Pantydraco
0%
Parksosaurus
0%
Patagosaurus
0%
Pelorosaurus
0%
Piatnitzkysaurus
0%
Podokesaurus
0%
Probactrosaurus
0%
Protarchaeopteryx
0%
Protohadros
0%
Quaesitosaurus
0%
Rhabdodon
0%
Rhoetosaurus
0%
Rinchenia
0%
Riojasaurus
0%
Sarcosaurus
0%
Scutellosaurus
0%
Secernosaurus
0%
Shamosaurus
0%
Shanag
0%
Silvisaurus
0%
Sinocalliopteryx
0%
Sinovenator
0%
Sonidosaurus
0%
Spicomellus
0%
Staurikosaurus
0%
Stenopelix
0%
Struthiosaurus
0%
Talarurus
0%
Tanius
0%
Telmatosaurus
0%
Thecodontosaurus
0%
Tsagantegia
0%
Tuojiangosaurus
0%
Tylocephale
0%
Unenlagia
0%
Urbacodon
0%
Valdosaurus
0%
Yandusaurus
0%
Yimenosaurus
0%
Yingshanosaurus
0%
Yinlong
0%
Yuanmousaurus
0%
Yunnanosaurus
0%
No matching quizzes found
Score Distribution
Percent of People with Each Score
Percentile by Number Answered
Your Score History
You have not taken this quiz